Paroles de chanson : Moi, mes souliers - Félix Leclerc - Statistiques

Statistiques générales
  • Ce quiz a été pris 11 fois
  • Le résultat moyen est 112 sur 208
Statistiques - réponses
Réponse % Correct
à
100%
a
100%
m'
100%
mes
100%
Moi,
100%
S'
100%
s'
100%
souliers
100%
souliers,
100%
d'
90%
de
90%
l'
90%
le
90%
pas
90%
beaucoup
80%
c'
80%
est
80%
il,
80%
Ils
80%
ils
80%
les
80%
ont
80%
voyagé.
80%
J'
70%
la
70%
n'
70%
qu'
70%
ai
60%
Au
60%
et
60%
mon
60%
si
60%
vous
60%
y
60%
amis,
50%
Je
50%
Paradis,
50%
paraît-
50%
porté
50%
quand
50%
sa
50%
des
40%
en
40%
monde
40%
un
40%
une.
40%
voulez
40%
ce
30%
dans
30%
dire
30%
être
30%
fait
30%
loin
30%
mais
30%
misère.
30%
peux
30%
pour
30%
suis
30%
sur
30%
Sur
30%
Tous
30%
village
30%
village,
30%
vos
30%
bon
20%
champs
20%
Dépêchez-
20%
école
20%
foulé
20%
guerre.
20%
pardonnés,
20%
pardonnés.
20%
pays,
20%
prés.
20%
Puis,
20%
qui
20%
salir
20%
traversé
20%
vernis.
20%
accrocher.
10%
âme.
10%
Athènes.
10%
boue
10%
chez
10%
curé,
10%
danser
10%
devenu
10%
Dieu
10%
eau
10%
fées
10%
femmes.
10%
ferrés,
10%
gueux,
10%
iront
10%
jour,
10%
lever,
10%
lune.
10%
marché
10%
passé
10%
piétiné
10%
place
10%
pleurs
10%
plus
10%
reines,
10%
rendu
10%
respecté
10%
sage.
10%
sera
10%
traîné
10%
bougent
0%
cesseront
0%
cette
0%
cités,
0%
couché
0%
débouché,
0%
musées,
0%
peut-être
0%
plaines ;
0%
planchers,
0%
préféré
0%
rochers,
0%
semaine.
0%
trouver
0%
user
0%
Aucun quiz correspondant
Distribution des résultats
% des personnes avec chaque résultat
Percentile par nombre de réponses
Votre historique - résultats
Vous n’avez pas pris ce quiz